00569nam a2200145Ia 4500008004100000100002200041245016900063245005400232260005900286260000900345300001000354650001800364650001500382856002600397170221s9999 xx 000 0 und d aL. Meghan Mahoney aSocial Media Health Communication: A Cross-Cultural Investigation on the Motivations and Challenges of Using Participatory Technology to Communicate with Patients  cL. Meghan Mahoney, Bessie Lawton, Lukas Pelliccio bOnline Journal of Communication and Media Technologies c2012 aX : 2 xCommunication xMedia Arts uhttp://www.ojcmt.net/